000 00625nam a2200229Ia 4500
003 OSt
005 20221007064549.0
006 a|||||r|||| 00| 0
007 ta
008 221006b |||||||| |||| 00| 0 eng d
024 _a12,226
037 _cTextual
040 _aFLL
_cFLL
_beng
041 _2eng
_aeng
082 _aV2:7.J, L7
100 _aHusain Wahed
_9472186
245 0 _aAdministration of justice during the muslim rule in India
260 _aDelhi
_bIdarah-I Adabiyat-I India
_c1977
300 _a185p
_ccm.
942 _hV2:7.J, L7
_cTEXL
_2CC
999 _c1134478
_d1134478